[Event "ISR-ch Open 2018"]
[Site "Ma'alot-Tarshih"]
[Date "2018.12.16"]
[Round "5"]
[White "Mikhalevski, Victor"]
[Black "Smirin, Ilia"]
[Result "1/2-1/2"]
[WhiteElo "2579"]
[BlackElo "2609"]
[Annotator "TA"]
[PlyCount "49"]
[EventDate "2018.12.11"]
[EventType "swiss"]
[EventCountry "ISR"]
[SourceTitle "playchess.com"]
[Source "ChessBase"]
[SourceQuality "1"]

{[%evp 9,49,14,20,4,33,12,14,15,30,13,13,11,5,6,7,-15,-16,-4,0,0,0,0,0,-8,-9,-7,-9,-11,-16,-2,-2,0,0,0,17,15,41,5,0,-8,0,-27]} 1. d4 Nf6 2. Bg5 g6 3. Bxf6 exf6 4. e3 f5 5. c4 (5. g3 d6 6. Bg2 h5 7. Nf3 Nd7 8. c4 Nf6 9. Nc3 Bh6 10. O-O O-O 11. b4 c6 12. a4 a5 {1-0 (39) Jobava,B (2690)-Safarli,E (2639) Riadh 2017}) 5... Bb4+ $146 ({Predecessor:} 5... Bg7 6. Nc3 O-O 7. g3 d6 8. Bg2 c6 9. Nge2 Nd7 10. O-O Nf6 11. b4 h5 12. b5 Bd7 13. bxc6 Bxc6 14. Nd5 Ne4 15. Qd3 Re8 16. Nec3 Nxc3 17. Qxc3 Rc8 18. Qb4 h4 19. a4 hxg3 20. hxg3 {0-1 (63) Kanep,M (2446)-Kunte,A (2499) chess.com INT 2018}) 6. Nc3 {A45: Trompowsky Attack} O-O 7. Bd3 Re8 8. Nge2 c6 9. O-O Bf8 10. Rb1 d6 11. b4 {[%cal Bb2b4,Bb4b5][%mdl 32]} Nd7 12. b5 c5 13. Nf4 Bg7 14. Be2 cxd4 15. exd4 Nf6 16. Bf3 g5 {[%cal Bg6g5,Bg5g4][%mdl 32]} 17. Nfd5 g4 18. Be2 {[%cal Bf3e2,Be2d3,Bd3f5][%mdl 32]} Nxd5 19. Nxd5 Re4 20. Bd3 Rxd4 21. Qc2 Be6 22. Bxf5 Bxd5 23. cxd5 h5 24. Rfd1 Qg5 25. Rxd4 {Accuracy: White = 38%, Black = 55%.} 1/2-1/2

[Event "ISR-ch Open 2018"]
[Site "Ma'alot-Tarshih"]
[Date "2018.12.16"]
[Round "5"]
[White "Baron, Tal"]
[Black "Mordechai, Hanan"]
[Result "1-0"]
[WhiteElo "2532"]
[BlackElo "2310"]
[Annotator "TA"]
[PlyCount "123"]
[EventDate "2018.12.11"]
[EventType "swiss"]
[EventCountry "ISR"]
[SourceTitle "playchess.com"]
[Source "ChessBase"]
[SourceQuality "1"]

{[%evp 15,123,31,36,44,39,29,30,28,20,20,35,22,21,22,25,12,27,25,29,0,43,52,58,55,63,57,57,45,81,48,55,45,83,85,90,80,80,81,95,59,80,80,80,80,80,80,93,85,113,113,113,115,120,120,116,116,272,275,275,281,273,279,349,350,349,328,330,330,354,347,412,403,400,408,354,262,447,443,430,426,393,262,1227,1216,1210,1202,1725,1609,1542,1374,1499,1214,1612,1486,2426,1587,5069,4520,2951,2259,5679,4614,6637,6103,29981,29982,29982,29983,29983,29984]} 1. d4 Nf6 2. c4 e6 3. Nc3 Bb4 4. Bg5 {[%cal Bc1g5,Bg5h4,Bh4g3][%mdl 32]} h6 5. Bh4 d5 6. cxd5 exd5 7. e3 g5 {D35: Queen's Gambit Declined: Exchange Variation} 8. Bg3 Ne4 {LiveBook: 27 Games} 9. Nge2 (9. Qb3 c5 10. Bd3 Nc6 11. Bxe4 dxe4 12. d5 Na5 13. Qa4+ Qd7 14. Qxd7+ Bxd7 15. Nge2 {½-½ (29) Ding,L (2772)-Lodici,L (2407) Antalya 2017}) 9... Nd7 $146 {White is slightly better.} ({Predecessor:} 9... h5 10. h4 Nxg3 11. Nxg3 gxh4 12. Nxh5 c6 13. Qf3 Qg5 14. Be2 Be6 15. O-O-O Nd7 16. g3 {½-½ (16) Moranda,W (2591)-Rosenthal,D (2401) Germany 2013}) 10. a3 Bxc3+ $1 11. Nxc3 Nxg3 12. hxg3 Nf6 13. Bd3 Qe7 14. b4 Kf8 15. Qb3 Be6 16. b5 Kg7 17. Qb4 Rhe8 (17... Qd7 {feels hotter.} 18. a4 Bf5 19. Be2 h5 20. a5 Bg4) 18. Qxe7 Rxe7 19. Ke2 Ng4 20. f3 Nf6 21. g4 Rh8 22. Rh2 Ree8 23. Rah1 Bd7 24. Kd2 Be6 25. Ne2 Rc8 26. a4 c6 27. Ng3 cxb5 28. axb5 Rc7 29. Ra1 b6 30. Rhh1 Rhc8 31. Ra3 Re8 32. Ne2 Ree7 33. Nc3 Ne8 34. Na2 Nd6 35. Nb4 $1 Nc4+ $2 (35... Rb7 $16 36. Rc1 Rec7) 36. Bxc4 $1 $18 Rxc4 37. Nc6 Rc7 {[#]} 38. Rha1 $1 Bd7 39. Rxa7 Rxa7 40. Rxa7 ({Weaker is} 40. Nxa7 Rc7 $18) 40... Bxc6 41. bxc6 Rxc6 {[%mdl 4096] Endgame KR-KR} 42. Rd7 Rc4 43. Rxd5 Ra4 44. Kd3 Ra2 45. g3 Rg2 $2 (45... Rb2 {is a better defense.} 46. Rd6 Rg2 47. Rxb6 Rxg3) 46. Rb5 Rxg3 47. Ke4 Rh3 48. Rxb6 h5 $2 (48... Kf8 49. Rb2 Kg7) 49. gxh5 Rxh5 50. Kf5 Rh3 {[#]} 51. Kg4 $1 Rh1 52. Kxg5 Rd1 53. Kf5 Rd3 54. Ke4 Rd1 55. f4 {[%cal Bf3f4,Bf4f5,Bf5f6][%mdl 32]} Kf8 56. Ke5 Rh1 57. e4 Ke7 58. Rb7+ Ke8 59. d5 Rh6 60. f5 {White mates.} Ra6 61. Rb8+ Ke7 {[#]} 62. f6+ $1 {Accuracy: White = 79%, Black = 28%.} 1-0

[Event "ISR-ch Open 2018"]
[Site "Ma'alot-Tarshih"]
[Date "2018.12.16"]
[Round "5"]
[White "Dvoirys, Semen I."]
[Black "Bakalchuk, Johnatan"]
[Result "1/2-1/2"]
[WhiteElo "2528"]
[BlackElo "2442"]
[Annotator "TA"]
[PlyCount "41"]
[EventDate "2018.12.11"]
[EventType "swiss"]
[EventCountry "ISR"]
[SourceTitle "playchess.com"]
[Source "ChessBase"]
[SourceQuality "1"]

{[%evp 18,41,9,0,6,0,0,0,0,0,0,2,6,10,7,0,15,-32,-45,-58,-33,-35,-16,-45,-14,-61]} 1. e4 c5 2. Nf3 g6 3. c3 d5 4. exd5 Qxd5 5. d4 Bg7 6. Na3 cxd4 7. Nb5 Na6 8. Be3 Nf6 {[%cal Bg8f6,Bf6d5,Bd5f4][%mdl 32] B06: Modern Defence} 9. Qxd4 (9. Bxd4 O-O 10. a4 Bg4 11. Be2 Rad8 12. h3 e5 13. Be3 Qe6 14. Qc1 Bxf3 15. Bxf3 e4 16. Be2 {0-1 (37) Ivanchuk,V (2731)-Giri,A (2734) Beijing 2013}) 9... O-O 10. Be2 {LiveBook: 3 Games} Qf5 11. Qh4 $146 ({Predecessor:} 11. Qd2 Ne4 12. Qc1 Bd7 13. Nbd4 Qd5 14. O-O e5 15. Nb3 Bf5 16. Rd1 {½-½ (56) Kaidanov,G (2548)-Bakalchuk,J (2400) Caleta 2018}) 11... Nd5 12. Bh6 Qg4 {[#] Threatens to win with ...Qxh4.} 13. Qxg4 Bxg4 14. Bxg7 Kxg7 15. h3 Bf5 16. Nfd4 Nf4 17. Bf3 Nc5 $1 18. Nxf5+ gxf5 19. O-O Rfd8 20. Nd4 e6 21. Rad1 1/2-1/2

[Event "ISR-ch Open 2018"]
[Site "Ma'alot-Tarshih"]
[Date "2018.12.16"]
[Round "5"]
[White "Rechlis, Gad"]
[Black "Steinberg, Nitzan"]
[Result "*"]
[WhiteElo "2521"]
[BlackElo "2532"]
[Annotator "TA"]
[PlyCount "28"]
[EventDate "2018.12.11"]
[EventType "swiss"]
[EventCountry "ISR"]
[SourceTitle "playchess.com"]
[Source "ChessBase"]
[SourceQuality "1"]

{[%evp 15,16,-21,-30]} 1. e4 c5 2. Nc3 d6 3. f4 g6 4. Nf3 Bg7 5. Bb5+ Bd7 6. Bc4 {B23: Closed Sicilian: Lines without g3} Nc6 7. O-O e6 8. d3 Nge7 {LiveBook: 27 Games} {Predecessor:} 9. Be3 $146 O-O 10. Bf2 Na5 11. Bb3 b5 12. e5 Bc6 13. Qe1 c4 14. dxc4 bxc4 {1-0 (41) Fedoseev,V (2668)-Areshchenko,A (2701) Martuni 2014} *

[Event "ISR-ch Open 2018"]
[Site "Ma'alot-Tarshih"]
[Date "2018.12.16"]
[Round "5"]
[White "Greenfeld, Alon"]
[Black "Zanan, Evgeny"]
[Result "1-0"]
[WhiteElo "2504"]
[BlackElo "2521"]
[Annotator "ChessBase"]
[PlyCount "67"]
[EventDate "2018.12.11"]
[EventType "swiss"]
[EventCountry "ISR"]
[SourceTitle "playchess.com"]
[Source "ChessBase"]
[SourceQuality "1"]
[TimeControl "40/5400+30:1800+30"]

1. d4 {[%emt 0:04:15]} Nf6 {[%emt 0:00:27]} 2. c4 {[%emt 0:00:50]} e6 {[%emt 0:00:12]} 3. g3 {[%emt 0:01:06]} d5 {[%emt 0:00:09]} 4. Bg2 {[%emt 0:00:52]} Bb4+ {[%emt 0:00:27]} 5. Nd2 {[%emt 0:02:44]} O-O {[%emt 0:00:43]} 6. Ngf3 {[%emt 0:01:06]} b6 {[%emt 0:00:29]} 7. O-O {[%emt 0:06:54]} Bb7 {[%emt 0:00:21]} 8. Ne5 {[%emt 0:00:24]} Qc8 {[%emt 0:00:28]} 9. cxd5 {[%emt 0:13:22]} Bxd5 {[%emt 0:01:51]} 10. e4 {[%emt 0:05:29]} Bb7 {[%emt 0:00:23]} 11. Re1 {[%emt 0:13:49]} Rd8 {[%emt 0:16:09]} 12. a3 {[%emt 0:00:35]} Bxd2 {[%emt 0:11:32]} 13. Qxd2 {[%emt 0:17:56]} c5 {[%emt 0:00:51]} 14. b4 {[%emt 0:05:42]} Nc6 {[%emt 0:24:21]} 15. Nxc6 {[%emt 0:00:29]} Qxc6 {[%emt 0:00:04]} 16. bxc5 {[%emt 0:06:30]} bxc5 {[%emt 0:00:07]} 17. d5 {[%emt 0:00:37]} exd5 {[%emt 0:00:15]} 18. exd5 {[%emt 0:00:03]} Nxd5 {[%emt 0:08:46]} 19. Bb2 {[%emt 0:02:13]} Qb6 {[%emt 0:12:20]} 20. Bxg7 {[%emt 0:02:02]} Kxg7 {[%emt 0:02:44]} 21. Rab1 {[%emt 0:00:10]} Nb4 {[%emt 0:05:14]} 22. Qc3+ {[%emt 0:01:37]} Qf6 {[%emt 0:02:28]} 23. Qxf6+ {[%emt 0:00:42]} Kxf6 {[%emt 0:00:04]} 24. Bxb7 {[%emt 0:00:13]} Rab8 {[%emt 0:04:44]} 25. Be4 {[%emt 0:07:25]} Na2 {[%emt 0:00:04]} 26. Bxh7 {[%emt 0:01:10]} c4 {[%emt 0:01:29]} 27. Kf1 {[%emt 0:03:37]} Rb3 {[%emt 0:03:42]} 28. Bc2 {[%emt 0:00:57]} Rxa3 {[%emt 0:01:01]} 29. Ra1 {[%emt 0:00:54]} Rd2 {[%emt 0:01:06]} 30. Bb1 {[%emt 0:00:10]} a5 {[%emt 0:01:47]} 31. h4 {[%emt 0:00:20]} Rb2 {[%emt 0:00:35]} 32. Re4 {[%emt 0:00:48]} Rf3 {[%emt 0:00:34]} 33. Re2 {[%emt 0:00:31]} Rxe2 {[%emt 0:00:31]} 34. Kxe2 {[%emt 0:00:05]} 1-0

[Event "ISR-ch Open 2018"]
[Site "Ma'alot-Tarshih"]
[Date "2018.12.16"]
[Round "5"]
[White "Gruenfeld, Yehuda"]
[Black "Galburd, Yan"]
[Result "1-0"]
[WhiteElo "2421"]
[BlackElo "2382"]
[Annotator "TA"]
[PlyCount "151"]
[EventDate "2018.12.11"]
[EventType "swiss"]
[EventCountry "ISR"]
[SourceTitle "playchess.com"]
[Source "ChessBase"]
[SourceQuality "1"]

{[%evp 30,151,0,-5,0,0,0,0,7,0,31,29,94,94,84,69,59,71,87,92,89,27,30,27,77,52,45,45,47,-93,76,83,96,94,98,98,124,67,76,49,80,35,107,46,46,31,70,7,41,43,49,0,46,15,87,92,240,231,239,232,264,261,246,267,256,196,251,251,320,251,250,254,274,262,249,247,450,432,430,412,456,445,496,402,554,778,647,647,836,809,1579,1393,955,955,955,955,1645,1558,1308,946,1552,1620,1620,1361,1416,955,1494,1324,976,788,6412,5414,29973,29974,29977,29979,29978,29980,29980,29981,29981,29982,29982,29983]} 1. e4 e5 2. Nf3 Nc6 3. Bb5 a6 4. Ba4 Nf6 5. O-O Be7 6. Re1 b5 7. Bb3 d6 8. c3 O-O 9. h3 Na5 10. Bc2 c5 11. d4 Nd7 12. Nbd2 exd4 13. cxd4 Nc6 14. d5 Nce5 15. b3 {C96: Closed Ruy Lopez: Chigorin Defence: 11 d4, replies other than 11...Qc7} Bf6 16. Rb1 {[#] LiveBook: 3 Games} a5 $146 ({Predecessor:} 16... Re8 17. Nxe5 Nxe5 18. f4 Ng6 19. Nf3 a5 20. e5 dxe5 21. Bxg6 hxg6 22. fxe5 Bf5 {½-½ (70) Quparadze,G (2481)-Howell,D (2644) Doha 2016}) 17. Nxe5 {The position is equal.} Nxe5 18. f4 Ng6 19. Nf3 Bc3 (19... Bh4 $5) 20. Bd2 Bd4+ (20... Bb4 $11 {remains equal.}) 21. Nxd4 $16 cxd4 22. Qf3 f5 23. exf5 Bxf5 24. Bxf5 Rxf5 25. Qe4 (25. Re6 $16) 25... Qf6 $11 {[%cal Rg6f4]} 26. g3 Rh5 27. Kg2 {Hoping for g4.} Qf5 28. Qe6+ Qf7 29. Qxd6 (29. Rbc1 $14 {keeps the upper hand.}) 29... Qxd5+ $2 (29... Rh6 $1 $17 {stays on course.} 30. Kf1 Nxf4) 30. Qxd5+ $16 Rxd5 31. Rbc1 Ra7 32. Kf3 d3 33. g4 ({White should try} 33. Rc8+ $16 Kf7 34. Rec1) 33... Kf7 $14 34. Re4 Ne7 35. a3 Ng8 (35... g6 $14) 36. Rc6 (36. Re5 $16 Rxe5 37. fxe5) 36... Ne7 $1 {[%cal Re7c6]} 37. Rc3 Rad7 38. Rc1 (38. Re5 $14) 38... Ra7 39. Ke3 Rad7 40. Kf3 Ra7 41. Re3 Ng6 (41... g6 $11) 42. Rd1 $16 Rd4 (42... a4 $16 {was called for.}) 43. f5 $18 Ne7 44. Bc3 Rd5 45. Rexd3 Rxd3+ 46. Rxd3 {[%mdl 4096] Endgame KRB-KRN} a4 47. Bd4 Rd7 (47... Rc7 $142 48. Ke4 Ng8 49. bxa4 bxa4) 48. bxa4 Nc6 49. Ke4 bxa4 50. Bc3 Rc7 51. Rd6 Na7 {White must now prevent ...Nb5.} 52. Be5 Re7 $2 (52... Nc6 {was necessary.} 53. Bf4 g6) 53. Rb6 Nc8 54. Ra6 Na7 55. Kf4 Nc8 56. h4 Ra7 57. Rxa7+ Nxa7 {KB-KN} 58. Ke4 Nb5 59. Bb2 h5 60. gxh5 Nd6+ 61. Kf4 Nc4 62. Bc1 Kf6 {[#]} 63. Ke4 $1 {[%cal Re4d5]} Nd6+ {[#]} 64. Kd5 $1 Nxf5 65. Bg5+ Kf7 66. Kc5 Ke6 67. Kb5 Kd5 68. Kxa4 Kc6 69. Kb4 Kb6 70. Bd2 Ng3 71. Bc3 {White mates.} Nxh5 72. Be5 Kc6 73. Kc4 Kb6 74. Kd5 Kb5 75. Ke6 Kc5 76. a4 {Accuracy: White = 65%, Black = 26%.} 1-0

[Event "ISR-ch Open 2018"]
[Site "Ma'alot-Tarshih"]
[Date "2018.12.16"]
[Round "5"]
[White "Globus, Or"]
[Black "Taichman, Ori"]
[Result "1-0"]
[WhiteElo "2387"]
[BlackElo "2303"]
[Annotator "NA"]
[PlyCount "91"]
[EventDate "2018.12.11"]
[EventType "swiss"]
[EventCountry "ISR"]
[SourceTitle "playchess.com"]
[Source "ChessBase"]
[SourceQuality "1"]
[TimeControl "40/5400+30:1800+30"]

1. d4 {[%emt 0:00:00]} Nf6 {[%emt 0:00:13]} 2. c4 {[%emt 0:00:00]} g6 {[%emt 0:00:02]} 3. Nc3 {[%emt 0:00:00]} Bg7 {[%emt 0:00:03]} 4. e4 {[%emt 0:00:00]} d6 {[%emt 0:00:06]} 5. Nf3 {[%emt 0:00:09]} O-O {[%emt 0:00:02]} 6. Be2 {[%emt 0:00:05]} e5 {[%emt 0:00:04]} 7. O-O {[%emt 0:00:06]} Nc6 {[%emt 0:00:02]} 8. d5 {[%emt 0:00:04]} Ne7 {[%emt 0:00:03]} 9. Qc2 {[%emt 1:34:06]} Ne8 {[%emt 0:10:07]} 10. Rd1 {[%emt 0:00:00]} a5 {[%emt 0:07:58]} 11. Rb1 {[%emt 0:00:00]} h6 {[%emt 0:02:00]} 12. a3 {[%emt 0:00:00]} f5 {[%emt 0:00:54]} 13. b4 {[%emt 0:00:00]} axb4 {[%emt 0:01:23]} 14. axb4 {[%emt 0:00:00]} Nf6 {[%emt 0:03:35]} 15. Nd2 {[%emt 0:00:00]} fxe4 {[%emt 0:05:04]} 16. Ndxe4 {[%emt 0:00:00]} Nf5 {[%emt 0:00:16]} 17. Nxf6+ {[%emt 0:00:00]} Qxf6 {[%emt 0:03:27]} 18. Ne4 {[%emt 0:00:00]} Qh4 {[%emt 0:01:25]} 19. g3 {[%emt 0:00:00]} Qe7 {[%emt 0:01:05]} 20. Bb2 {[%emt 0:00:00]} Nd4 {[%emt 0:03:27]} 21. Bxd4 {[%emt 0:00:00]} exd4 {[%emt 0:00:03]} 22. Bd3 {[%emt 0:00:00]} Bf5 {[%emt 0:13:56]} 23. Re1 {[%emt 0:00:00]} Qf7 {[%emt 0:05:13]} 24. f4 {[%emt 0:00:00]} Ra3 {[%emt 0:01:10]} 25. Rb3 {[%emt 0:00:00]} Rfa8 {[%emt 0:09:50]} 26. Rxa3 {[%emt 0:00:00]} Rxa3 {[%emt 0:01:30]} 27. c5 {[%emt 0:00:00]} Bxe4 {[%emt 0:19:40]} 28. Bxe4 {[%emt 0:00:00]} Rc3 {[%emt 0:06:13]} 29. Qb1 {[%emt 0:00:00]} d3 {[%emt 0:01:12]} 30. Bxd3 {[%emt 0:00:00]} Bd4+ {[%emt 0:00:17]} 31. Kg2 {[%emt 0:00:00]} Kg7 {[%emt 0:03:15]} 32. Bxg6 {[%emt 0:00:00]} Qxd5+ {[%emt 0:00:01]} 33. Be4 {[%emt 0:00:00]} Qc4 {[%emt 0:00:19]} 34. Qd1 {[%emt 0:00:00]} Kf8 {[%emt 0:02:26]} 35. Qg4 {[%emt 0:00:00]} Qf7 {[%emt 0:00:28]} 36. Kh3 {[%emt 0:00:00]} h5 {[%emt 0:00:28]} 37. Qc8+ {[%emt 0:00:36]} Kg7 {[%emt 0:00:01]} 38. Bf5 {[%emt 0:01:36]} dxc5 {[%emt 0:00:49]} 39. Re8 {[%emt 0:03:06]} Re3 {[%emt 0:00:43]} 40. Rh8 {[%emt 0:01:58]} Qxf5+ {[%emt 0:00:38]} 41. Qxf5 {[%emt 0:30:11]} Kxh8 {[%emt 0:30:01]} 42. Qc8+ {[%emt 0:00:55]} Kg7 {[%emt 0:00:12]} 43. Qxc7+ {[%emt 0:00:35]} Kg6 {[%emt 0:00:33]} 44. bxc5 {[%emt 0:00:33]} Rc3 {[%emt 0:00:02]} 45. Qxb7 {[%emt 0:00:19]} Rxc5 {[%emt 0:01:43]} 46. Qe4+ {[%emt 0:00:18]} 1-0

[Event "ISR-ch Open 2018"]
[Site "Ma'alot-Tarshih"]
[Date "2018.12.16"]
[Round "5"]
[White "Bronstein, Or"]
[Black "Frenkel, Ran"]
[Result "1-0"]
[WhiteElo "2359"]
[BlackElo "2252"]
[Annotator "NA"]
[PlyCount "81"]
[EventDate "2018.12.11"]
[EventType "swiss"]
[EventCountry "ISR"]
[SourceTitle "playchess.com"]
[Source "ChessBase"]
[SourceQuality "1"]
[TimeControl "40/5400+30:1800+30"]

1. d4 {[%emt 0:00:00]} Nf6 {[%emt 0:00:00]} 2. c4 {[%emt 0:00:00]} g6 {[%emt 0:00:00]} 3. Nc3 {[%emt 0:00:00]} Bg7 {[%emt 0:00:00]} 4. e4 {[%emt 0:00:00]} d6 {[%emt 0:00:00]} 5. Be2 {[%emt 0:00:00]} O-O {[%emt 0:00:00]} 6. Be3 {[%emt 0:00:01]} e5 {[%emt 0:02:43]} 7. d5 {[%emt 0:00:21]} Na6 {[%emt 0:00:41]} 8. g4 {[%emt 0:01:38]} Nc5 {[%emt 0:01:25]} 9. f3 {[%emt 0:00:08]} a5 {[%emt 0:01:09]} 10. h4 {[%emt 0:00:29]} h5 {[%emt 0:06:15]} 11. g5 {[%emt 0:00:40]} Nfd7 {[%emt 0:06:28]} 12. Nh3 {[%emt 0:03:59]} Nb6 {[%emt 0:12:40]} 13. b3 {[%emt 0:09:15]} Bd7 {[%emt 0:00:32]} 14. Nf2 {[%emt 0:03:53]} c6 {[%emt 0:09:24]} 15. Qd2 {[%emt 0:20:54]} Qc7 {[%emt 0:18:09]} 16. Rc1 {[%emt 0:02:22]} Rad8 {[%emt 0:00:54]} 17. Nd3 {[%emt 0:12:39]} Nxd3+ {[%emt 0:00:39]} 18. Bxd3 {[%emt 0:00:08]} c5 {[%emt 0:00:11]} 19. Bf1 {[%emt 0:02:17]} Ra8 {[%emt 0:05:47]} 20. Rb1 {[%emt 0:00:50]} Kh7 {[%emt 0:07:53]} 21. Qg2 {[%emt 0:09:05]} Rfc8 {[%emt 0:16:07]} 22. Qh2 {[%emt 0:02:44]} Rab8 {[%emt 0:07:01]} 23. Bh3 {[%emt 0:01:33]} Bxh3 {[%emt 0:00:34]} 24. Qxh3 {[%emt 0:00:01]} Ra8 {[%emt 0:00:26]} 25. Nb5 {[%emt 0:02:44]} Qe7 {[%emt 0:00:05]} 26. O-O {[%emt 0:00:13]} Nd7 {[%emt 0:01:55]} 27. Rf2 {[%emt 0:02:25]} Rf8 {[%emt 0:00:15]} 28. Rbf1 {[%emt 0:01:27]} Kg8 {[%emt 0:01:02]} 29. Bd2 {[%emt 0:00:28]} b6 {[%emt 0:00:30]} 30. Bc3 {[%emt 0:01:53]} Rae8 {[%emt 0:00:45]} 31. a3 {[%emt 0:09:41]} Nb8 {[%emt 0:00:08]} 32. f4 {[%emt 0:05:33]} exf4 {[%emt 0:00:07]} 33. Bxg7 {[%emt 0:00:02]} Kxg7 {[%emt 0:00:07]} 34. Rxf4 {[%emt 0:00:08]} Kg8 {[%emt 0:01:35]} 35. Rf6 {[%emt 0:00:34]} Qxe4 {[%emt 0:01:01]} 36. Qg2 {[%emt 0:04:43]} Qd3 {[%emt 0:00:40]} 37. Nxd6 {[%emt 0:02:43]} Re2 {[%emt 0:00:24]} 38. R1f2 {[%emt 0:01:09]} Re1+ {[%emt 0:00:45]} 39. Kh2 {[%emt 0:00:42]} Re7 {[%emt 0:00:35]} 40. Qf3 {[%emt 0:00:23]} Re3 {[%emt 0:00:34]} 41. Qf4 {[%emt 0:02:46]} 1-0

[Event "ISR-ch Open 2018"]
[Site "Ma'alot-Tarshih"]
[Date "2018.12.16"]
[Round "5"]
[White "Zhizmer, Yuri"]
[Black "Emanuel, Yahav"]
[Result "1-0"]
[WhiteElo "2326"]
[BlackElo "2221"]
[Annotator "NA"]
[PlyCount "81"]
[EventDate "2018.12.11"]
[EventType "swiss"]
[EventCountry "ISR"]
[SourceTitle "playchess.com"]
[Source "ChessBase"]
[SourceQuality "1"]
[TimeControl "40/5400+30:1800+30"]

1. d4 {[%emt 0:00:00]} Nf6 {[%emt 0:00:00]} 2. Nf3 {[%emt 0:00:00]} d5 {[%emt 0:00:00]} 3. e3 {[%emt 0:00:12]} Bf5 {[%emt 0:00:20]} 4. Bd3 {[%emt 0:00:24]} e6 {[%emt 0:03:02]} 5. O-O {[%emt 0:02:25]} Nbd7 {[%emt 0:03:14]} 6. Bxf5 {[%emt 0:05:31]} exf5 {[%emt 0:00:02]} 7. b3 {[%emt 0:00:28]} Bd6 {[%emt 0:07:11]} 8. c4 {[%emt 0:00:26]} c6 {[%emt 0:00:51]} 9. cxd5 {[%emt 0:01:13]} Nxd5 {[%emt 0:03:08]} 10. Ba3 {[%emt 0:00:11]} N7f6 {[%emt 0:00:40]} 11. Qd3 {[%emt 0:00:36]} g6 {[%emt 0:04:29]} 12. Bxd6 {[%emt 0:02:28]} Qxd6 {[%emt 0:00:02]} 13. Nc3 {[%emt 0:00:18]} O-O {[%emt 0:01:06]} 14. Nxd5 {[%emt 0:00:09]} Qxd5 {[%emt 0:04:19]} 15. Rfc1 {[%emt 0:02:31]} Rad8 {[%emt 0:02:40]} 16. Qc4 {[%emt 0:03:53]} Rfe8 {[%emt 0:13:53]} 17. Qxd5 {[%emt 0:06:31]} Nxd5 {[%emt 0:00:41]} 18. g3 {[%emt 0:00:13]} Kg7 {[%emt 0:02:45]} 19. Rab1 {[%emt 0:04:01]} a6 {[%emt 0:05:33]} 20. b4 {[%emt 0:01:41]} Nb6 {[%emt 0:10:14]} 21. h4 {[%emt 0:05:41]} Kf6 {[%emt 0:01:02]} 22. Ne5 {[%emt 0:01:23]} h6 {[%emt 0:04:57]} 23. Nd3 {[%emt 0:00:12]} Re7 {[%emt 0:04:05]} 24. Nc5 {[%emt 0:00:55]} g5 {[%emt 0:02:05]} 25. hxg5+ {[%emt 0:00:19]} hxg5 {[%emt 0:00:02]} 26. Kg2 {[%emt 0:00:31]} f4 {[%emt 0:01:42]} 27. gxf4 {[%emt 0:00:45]} gxf4 {[%emt 0:00:10]} 28. Kf3 {[%emt 0:00:32]} fxe3 {[%emt 0:00:03]} 29. fxe3 {[%emt 0:00:03]} Rh8 {[%emt 0:05:17]} 30. e4 {[%emt 0:02:17]} Rh3+ {[%emt 0:04:35]} 31. Kg4 {[%emt 0:09:40]} Ra3 {[%emt 0:05:45]} 32. Rh1 {[%emt 0:06:49]} Rc7 {[%emt 0:06:54]} 33. Rbf1+ {[%emt 0:00:18]} Kg7 {[%emt 0:01:06]} 34. Rh5 {[%emt 0:01:27]} Re7 {[%emt 0:03:37]} 35. Rg5+ {[%emt 0:03:25]} Kf8 {[%emt 0:00:02]} 36. Rh1 {[%emt 0:00:14]} Rc7 {[%emt 0:01:26]} 37. Rh8+ {[%emt 0:10:11]} Ke7 {[%emt 0:00:01]} 38. Re5+ {[%emt 0:01:06]} Kf6 {[%emt 0:00:01]} 39. Ree8 {[%emt 0:02:05]} Kg6 {[%emt 0:00:02]} 40. Reg8+ {[%emt 0:00:42]} Kf6 {[%emt 0:00:01]} 41. e5+ {[%emt 0:30:08]} 1-0

[Event "ISR-ch Open 2018"]
[Site "Ma'alot-Tarshih"]
[Date "2018.12.16"]
[Round "5"]
[White "Aharon, Ofir"]
[Black "Drori, Saar"]
[Result "1-0"]
[WhiteElo "2320"]
[BlackElo "2419"]
[Annotator "TA"]
[PlyCount "77"]
[EventDate "2018.12.11"]
[EventType "swiss"]
[EventCountry "ISR"]
[SourceTitle "playchess.com"]
[Source "ChessBase"]
[SourceQuality "1"]

{[%evp 15,77,47,41,35,56,9,16,20,22,24,22,0,0,6,0,0,44,35,41,44,84,89,202,202,247,243,284,256,313,293,275,98,162,170,161,65,86,85,81,76,157,33,22,8,66,72,145,143,190,206,308,302,641,649,642,637,792,585,1382,772,1333,513,508,508]} 1. e4 c5 2. Nf3 d6 3. Bb5+ Nd7 4. O-O a6 5. Bd3 Ngf6 6. c3 {B51: Sicilian: Moscow Variation (3 Bb5+) without 3...Bd7} g6 7. Bc2 Bg7 8. d4 Qc7 {LiveBook: 8 Games} 9. a4 b6 $146 ({Predecessor:} 9... O-O 10. d5 b6 11. c4 e6 12. Nc3 exd5 13. cxd5 {½-½ (81) Caruana,F (2786)-Topalov,V (2769) Bucharest 2012}) 10. Nbd2 Bb7 11. Re1 cxd4 12. cxd4 O-O 13. h3 Rac8 14. Bd3 e5 15. d5 a5 (15... Nc5 $5 {[%cal Rc5d3]} 16. Bc4 Ncxe4 17. Nxe4 Nxe4 18. Rxe4 f5 $11) 16. Nb3 Nh5 17. Bb5 h6 18. Be3 f5 (18... Nhf6 $16) 19. Nh4 $1 $18 {[%cal Rh4g6]} Nhf6 20. Nxg6 Rf7 21. Rc1 ({Less strong is} 21. exf5 Nxd5 22. Rc1 Qd8 $16) 21... Nc5 22. Nxc5 bxc5 23. f3 $2 (23. exf5 $18 {has better winning chances. And now Bc4 would win.} Qb6 24. Bd2) 23... fxe4 (23... f4 $16) 24. fxe4 Nxe4 25. Bc4 ({White should play} 25. Rc4 $18 Ng5 26. Rg4) 25... Qd8 26. Qd3 Ng5 27. Rf1 {Strongly threatening Rxf7.} Rcc7 {[#]} 28. Bd2 (28. h4 $1 $16 {[%cal Rh4g5]} Nh7 29. Bd2) 28... e4 $14 29. Qg3 $36 {[%mdl 2048] Black is under pressure.} Bd4+ (29... Bxb2 $11 30. Rb1 Rxf1+ 31. Rxf1 Rg7) 30. Kh1 Rxf1+ (30... Rf6 $142) 31. Rxf1 $16 {[%cal Bc1f1,Bf1f4,Bf4f6][%mdl 32]} Rf7 {[#]} 32. Nf4 $1 Rg7 (32... Bc8 $142 33. h4 Qe7) 33. Nh5 $18 Be5 $2 (33... Rf7 34. Rxf7 Kxf7) 34. Bf4 {White is clearly winning.} Bxf4 35. Rxf4 Rg6 36. h4 e3 37. hxg5 Qxg5 38. Qxg5 (38. Qf3 $142 {Rf8+ would kill now.} Kh8 39. Bd3) 38... hxg5 39. Rf6 {Accuracy: White = 52%, Black = 21%.} 1-0